000
00298nam a2200121Ia 4500
008
190216s9999||||xx |||||||||||||| ||und||
100
_a
Humphery H
245
0
_a
Coleridge The Clark Lectures 1951-52
260
_b
Lyall Book Depot
_c
1968
300
_a
167
650
_a
English Stories
942
_c
BK
999
_c
11989
_d
11989